[Event "World Blitz 2023"]
[Site "Samarkand UZB"]
[Date "2023.12.29"]
[EventDate "2023.12.29"]
[Round "9.60"]
[Result "0-1"]
[White "Sandipan Chanda"]
[Black "Mikhail Markov"]
[WhiteElo "2490"]
[BlackElo "2255"]
[PlyCount "152"]

1. e3 d5 2. f4 c5 3. Nf3 a6 4. g3 Nc6 5. Bg2 Nf6 6. O-O e6 7. d3 Be7 8. Qe2
O-O 9. Nc3 b5 10. Nd1 Bb7 11. Nf2 c4 12. e4 dxe4 13. dxe4 Bc5 14. Be3 Qb6
15. Bxc5 Qxc5 16. Kh1 e5 17. c3 Rad8 18. Rad1 b4 19. f5 a5 20. g4 a4 21. g5
Nh5 22. Nh3 Nf4 23. Nxf4 exf4 24. e5 a3 25. cxb4 Nxb4 26. e6 Rde8 27. exf7+
Kxf7 28. Rd7+ Kg8 29. Qd2 Bc6 30. Rc7 axb2 31. Qxb2 c3 32. Qb3+ Nd5 33. Ne1
Rxf5 34. Nd3 Qd6 35. Rxc6 Qxc6 36. Nb4 Qc5 37. Nxd5 Kh8 38. Nxc3 f3 39.
Bxf3 Ref8 40. Ne4 Qe5 41. Ng3 Rxg5 42. a4 Qc5 43. Bg2 Rd8 44. Ne4 Qd5 45.
Nxg5 Qxb3 46. Nf7+ Kg8 47. Nxd8 g6 48. a5 Qa2 49. Nc6 h5 50. h3 g5 51. Rd1
Qa4 52. Rd8+ Kg7 53. Rd7+ Kf6 54. Rd6+ Kg7 55. Rd5 Kf6 56. Nd4 g4 57. Rf5+
Kg6 58. Rf4 Qa1+ 59. Kh2 Kg5 60. Ne6+ Kh4 61. Re4 Qxa5 62. hxg4 hxg4 63.
Nd4 Qc7+ 64. Kg1 Qc5 65. Kf2 Qf8+ 66. Ke2 Kg3 67. Bh1 Qf2+ 68. Kd3 Qf1+ 69.
Ne2+ Kh4 70. Re8 Qb1+ 71. Ke3 Qb3+ 72. Kf4 Qa4+ 73. Re4 Qd7 74. Bg2 Qd2+
75. Kf5 Qd5+ 76. Kf4 Qg5# 0-1

[Event "World Blitz 2023"]
[Site "Samarkand UZB"]
[Date "2023.12.29"]
[EventDate "2023.12.29"]
[Round "9.61"]
[Result "0-1"]
[White "Matvey Galchenko"]
[Black "Bakhrom Bakhrillaev"]
[WhiteElo "2424"]
[BlackElo "1994"]
[PlyCount "96"]

1. e4 e5 2. Nf3 Nc6 3. d4 exd4 4. Nxd4 Bc5 5. Nb3 Bb6 6. Nc3 Nge7 7. Qe2
O-O 8. Be3 f5 9. O-O-O f4 10. Bxb6 axb6 11. e5 Ng6 12. e6 d6 13. Qe4 Nge5
14. Bc4 Nxc4 15. Qxc4 Ne5 16. Qd5 Qe7 17. Nd4 c6 18. Qb3 b5 19. Rhe1 Kh8
20. Kb1 Re8 21. Nf5 Qf8 22. Nxd6 Bxe6 23. Qb4 Nc4 24. Kc1 Rad8 25. Rxe6
Rxe6 26. Nf7+ Qxf7 27. Rxd8+ Re8 28. Rd1 f3 29. gxf3 Qxf3 30. Qc5 h6 31.
Qd4 Rf8 32. b3 Na5 33. Qb4 Qf4+ 34. Qxf4 Rxf4 35. Rd2 b4 36. Nd1 c5 37. Rd5
b6 38. Rd6 Rf6 39. Rd7 Nc6 40. Ne3 Rxf2 41. Rd6 Nd4 42. Rxb6 Re2 43. Nc4
Rxc2+ 44. Kb1 Rxh2 45. Rb8+ Kh7 46. Rc8 Rh1+ 47. Kb2 Rh2+ 48. Kb1 0-1

[Event "World Blitz 2023"]
[Site "Samarkand UZB"]
[Date "2023.12.29"]
[EventDate "2023.12.29"]
[Round "9.62"]
[Result "0-1"]
[White "Felix Xie"]
[Black "Sumiya Bilguun"]
[WhiteElo "2107"]
[BlackElo "2407"]
[PlyCount "90"]

1. Nf3 c5 2. e4 e6 3. d4 cxd4 4. Nxd4 a6 5. g3 d5 6. Nb3 Nf6 7. exd5 Qxd5
8. Qxd5 Nxd5 9. Bg2 Nd7 10. O-O N7f6 11. N1d2 Be7 12. a4 O-O 13. Nc4 Rb8
14. Bg5 h6 15. Bd2 b5 16. axb5 axb5 17. Ne5 Bb7 18. Na5 Rfc8 19. c3 Bd6 20.
Nd3 Ba8 21. Rac1 Nb6 22. b3 Bxg2 23. Kxg2 Ne4 24. Rfd1 Ra8 25. b4 Nxd2 26.
Rxd2 Nd5 27. Rdc2 Be7 28. Nb3 Ra3 29. Ndc5 Bf6 30. Kf1 h5 31. Ke2 h4 32.
Kd3 g6 33. Ra1 Nxb4+ 34. cxb4 Bxa1 35. gxh4 Rd8+ 36. Ke2 Bf6 37. Nd2 Bxh4
38. Nce4 Be7 39. Nc5 Rh3 40. Nf3 Rh5 41. Nd3 Rhd5 42. Nf4 Rf5 43. Ke3 Bxb4
44. Nh4 Bc5+ 45. Ke4 Rd4+ 0-1

[Event "World Blitz 2023"]
[Site "Samarkand UZB"]
[Date "2023.12.29"]
[EventDate "2023.12.29"]
[Round "9.63"]
[Result "0-1"]
[White "Jaloliddin Ilkhomi"]
[Black "Alan Pichot"]
[WhiteElo "2054"]
[BlackElo "2592"]
[PlyCount "128"]

1. Nf3 Nf6 2. c4 e6 3. g3 d5 4. Bg2 d4 5. O-O Nc6 6. d3 Bc5 7. a3 a5 8. e3
O-O 9. exd4 Nxd4 10. Nxd4 Bxd4 11. Nc3 e5 12. Be3 c6 13. Bxd4 Qxd4 14. Qe2
Bf5 15. Ne4 Bxe4 16. dxe4 Rfd8 17. Rfd1 Qc5 18. Qc2 g6 19. h3 Kg7 20. Qc3
a4 21. Bf3 Ne8 22. Kg2 Nc7 23. Qc2 Ne6 24. Rxd8 Rxd8 25. Qc3 Rd4 26. Rc1
Ng5 27. Qe3 Qe7 28. h4 Ne6 29. h5 Qg5 30. Qxg5 Nxg5 31. hxg6 hxg6 32. Rc2
Nxe4 33. Bxe4 Rxe4 34. Kf3 Rd4 35. Ke3 Kf6 36. Rc3 Ke6 37. b3 axb3 38. Rxb3
Rxc4 39. Rxb7 Rc3+ 40. Kd2 Rxa3 41. Rc7 Rf3 42. Rxc6+ Kd5 43. Rc7 Rxf2+ 44.
Ke3 Rf6 45. Rd7+ Ke6 46. Ra7 Kf5 47. Kf3 g5 48. g4+ Kg6+ 49. Ke4 Rf4+ 50.
Kxe5 f6+ 51. Kd5 Rxg4 52. Ra1 Rg2 53. Ke4 Rf2 54. Ke3 Rf4 55. Rg1 Kf5 56.
Ra1 Re4+ 57. Kf3 g4+ 58. Kf2 Kf4 59. Ra3 f5 60. Ra2 g3+ 61. Kg2 Kg4 62. Ra8
Re2+ 63. Kf1 Rb2 64. Ra3 f4 0-1

[Event "World Blitz 2023"]
[Site "Samarkand UZB"]
[Date "2023.12.29"]
[EventDate "2023.12.29"]
[Round "9.64"]
[Result "0-1"]
[White "Mergen Kakabayev"]
[Black "Anton Demchenko"]
[WhiteElo "2255"]
[BlackElo "2545"]
[PlyCount "88"]

1. e4 e5 2. Nf3 Nc6 3. Bb5 a6 4. Ba4 Nge7 5. c3 Ng6 6. d4 exd4 7. cxd4 Bb4+
8. Nc3 d5 9. e5 O-O 10. h3 f6 11. O-O fxe5 12. Bg5 Qd7 13. Nxe5 Ngxe5 14.
dxe5 Bxc3 15. bxc3 Qf7 16. f4 h6 17. Bh4 Bf5 18. Bb3 Be4 19. Qd2 Na5 20.
Rae1 Nxb3 21. axb3 Qg6 22. Kh2 a5 23. Ra1 b5 24. g4 a4 25. bxa4 bxa4 26. f5
Qb6 27. e6 a3 28. Be7 Qb2 29. Qf2 Rfb8 30. f6 gxf6 31. Bxf6 Rf8 32. Kg3
Qxf2+ 33. Rxf2 Bg6 34. Bd4 Rxf2 35. Bxf2 a2 36. Bc5 Kg7 37. c4 dxc4 38.
Bd4+ Kf8 39. Re1 Ke8 40. Ba1 Ra3+ 41. Kf4 c3 42. Rc1 c2 43. Ke5 Rb3 44. Kf6
Rb1 0-1

[Event "World Blitz 2023"]
[Site "Samarkand UZB"]
[Date "2023.12.29"]
[EventDate "2023.12.29"]
[Round "9.66"]
[Result "1-0"]
[White "David Akhmedov"]
[Black "Tigran K Harutyunyan"]
[WhiteElo "2154"]
[BlackElo "2407"]
[PlyCount "66"]

1. e4 e5 2. Nf3 Nc6 3. Nc3 Nf6 4. g3 d6 5. h3 Be7 6. Bg2 O-O 7. O-O Re8 8.
d3 h6 9. Be3 Be6 10. d4 exd4 11. Nxd4 Nxd4 12. Bxd4 Nd7 13. f4 Bf6 14. b3
c5 15. Bxf6 Qxf6 16. Nb5 Red8 17. f5 Bxb3 18. axb3 a6 19. Nc7 Rac8 20. Nd5
Qe5 21. f6 Nxf6 22. Rf5 Qe6 23. Nxf6+ gxf6 24. Qg4+ Kf8 25. Raf1 Ke7 26.
Qh4 Kd7 27. Rxf6 Qe5 28. Rxf7+ Kc6 29. Qe7 Qd4+ 30. Kh2 Rb8 31. e5+ Kb6 32.
R1f4 Qxe5 33. Qxb7+ 1-0

[Event "World Blitz 2023"]
[Site "Samarkand UZB"]
[Date "2023.12.29"]
[EventDate "2023.12.29"]
[Round "9.67"]
[Result "0-1"]
[White "Gallego Alcaraz, Andres Felipe"]
[Black "Sumiya Chinguun"]
[WhiteElo "2384"]
[BlackElo "2200"]
[PlyCount "100"]

1. d4 Nf6 2. c4 g6 3. Nc3 Bg7 4. Nf3 O-O 5. g3 d6 6. Bg2 c6 7. O-O Bf5 8.
b3 Ne4 9. Bb2 Nxc3 10. Bxc3 Be4 11. Qd2 d5 12. Rfd1 Nd7 13. Bh3 Bxf3 14.
exf3 Nf6 15. a4 Re8 16. a5 e6 17. Qc2 Rc8 18. Qb2 Qd7 19. Re1 Red8 20. Rad1
Qc7 21. Bg2 Ne8 22. Bf1 Nd6 23. Bd3 Ne8 24. h4 h5 25. c5 Nf6 26. a6 Rb8 27.
axb7 Qxb7 28. Bc2 Nd7 29. f4 Ra8 30. Ra1 Rdb8 31. Ra5 Qc7 32. Rea1 Rb7 33.
b4 Rab8 34. Qa3 Ra8 35. Bd3 Nf6 36. Qa4 Ng4 37. Ra6 Rab8 38. Rxc6 Qe7 39.
b5 Bh6 40. Bd2 Qf6 41. Ra6 Bg7 42. c6 Rc7 43. Rxa7 Rxa7 44. Qxa7 Qxd4 45.
Qxb8+ Kh7 46. Rf1 Qxd3 47. c7 Bd4 48. Kg2 Qe4+ 49. Kg1 Qf3 50. Be3 Bxe3 0-1

[Event "World Blitz 2023"]
[Site "Samarkand UZB"]
[Date "2023.12.29"]
[EventDate "2023.12.29"]
[Round "9.68"]
[Result "1-0"]
[White "Alisher Suleymenov"]
[Black "Daler Vakhidov"]
[WhiteElo "2326"]
[BlackElo "2110"]
[PlyCount "60"]

1. d4 Nf6 2. c4 c5 3. d5 b5 4. Qc2 bxc4 5. e4 e6 6. Bxc4 exd5 7. exd5 d6 8.
Nc3 Be7 9. Nge2 O-O 10. O-O Nbd7 11. Ng3 Nb6 12. b3 Nxc4 13. bxc4 Rb8 14.
Re1 Ng4 15. Bf4 Rb4 16. Nb5 Bf6 17. Rab1 Rxb1 18. Rxb1 Be5 19. Bxe5 Nxe5
20. Nxa7 Ba6 21. Nb5 f5 22. f4 Ng4 23. h3 Nh6 24. a4 Re8 25. Nxf5 Nf7 26.
Qc3 Qf6 27. Qxf6 gxf6 28. Nbxd6 Nxd6 29. Nxd6 Re2 30. Rb6 1-0

[Event "World Blitz 2023"]
[Site "Samarkand UZB"]
[Date "2023.12.29"]
[EventDate "2023.12.29"]
[Round "9.70"]
[Result "1-0"]
[White "Kanan Garayev"]
[Black "Faustino Oro"]
[WhiteElo "2260"]
[BlackElo "2105"]
[PlyCount "62"]

1. d4 Nf6 2. c4 e6 3. g3 d5 4. Bg2 Be7 5. Nf3 O-O 6. O-O dxc4 7. Qc2 a6 8.
a4 Bd7 9. Qxc4 Bc6 10. Bg5 Nbd7 11. Nc3 h6 12. Bxf6 Nxf6 13. e3 Bd6 14. Qe2
Qe7 15. e4 e5 16. dxe5 Bxe5 17. Nxe5 Qxe5 18. f4 Qd4+ 19. Qf2 Qb4 20. Qe2
Rad8 21. Rad1 Bxa4 22. Nxa4 Qxa4 23. e5 Nd7 24. Bxb7 Nc5 25. Bd5 Qb4 26. f5
c6 27. Bxf7+ Kxf7 28. e6+ Ke7 29. Qe5 Rxd1 30. Rxd1 Ke8 31. e7 1-0

[Event "World Blitz 2023"]
[Site "Samarkand UZB"]
[Date "2023.12.29"]
[EventDate "2023.12.29"]
[Round "9.71"]
[Result "1-0"]
[White "Roman Shogdzhiev"]
[Black "Kirill Shevchenko"]
[WhiteElo "2117"]
[BlackElo "2603"]
[PlyCount "102"]

1. e4 c5 2. Nf3 Nc6 3. Bb5 Nf6 4. Nc3 Qc7 5. O-O Nd4 6. Re1 a6 7. Bf1 Ng4
8. g3 Nxf3+ 9. Qxf3 Ne5 10. Qe2 d6 11. Bg2 h5 12. f4 Nc6 13. d3 h4 14. Be3
hxg3 15. hxg3 e6 16. Kf2 Nd4 17. Qd2 Be7 18. Rh1 Rg8 19. Ne2 Nxe2 20. Qxe2
Bd7 21. Rh7 O-O-O 22. Qh5 Rdf8 23. Rh1 Qb6 24. b3 Qa5 25. a4 Qc3 26. Qe2 g5
27. Qd2 Qf6 28. Bf3 gxf4 29. gxf4 Qg6 30. Ke2 d5 31. Kd1 Qg3 32. Qf2 d4 33.
R7h3 Qg6 34. Bd2 Bc6 35. Kc1 c4 36. Qxd4 cxb3 37. cxb3 Rd8 38. Qc3 Kb8 39.
Rh6 Qg3 40. R6h3 Qf2 41. Kb1 Rc8 42. Qb2 Rgd8 43. Bc3 Qe3 44. Bh5 Qxf4 45.
Be5+ Qxe5 46. Qxe5+ Bd6 47. Qf6 Rg8 48. Bxf7 Rg2 49. Qxe6 Bf8 50. R3h2 Rg3
51. Qe5+ 1-0

[Event "World Blitz 2023"]
[Site "Samarkand UZB"]
[Date "2023.12.29"]
[EventDate "2023.12.29"]
[Round "9.72"]
[Result "0-1"]
[White "Giovanni Vescovi"]
[Black "Raymond Song"]
[WhiteElo "2593"]
[BlackElo "2383"]
[PlyCount "100"]

1. d4 Nf6 2. c4 e6 3. Nf3 d5 4. Nc3 Bb4 5. Qa4+ Nc6 6. Bg5 dxc4 7. e3 Bd7
8. Bxc4 Nxd4 9. Qd1 Nxf3+ 10. Qxf3 Bc6 11. Qe2 Bxg2 12. Rg1 Bc6 13. Rd1 Qe7
14. e4 e5 15. Kf1 Bxc3 16. bxc3 Rd8 17. Bd5 Bxd5 18. exd5 O-O 19. f4 e4 20.
c4 c6 21. Qb2 Kh8 22. Rg3 Rfe8 23. Bxf6 Qxf6 24. Qxf6 gxf6 25. Rb3 Re7 26.
Kf2 cxd5 27. cxd5 Red7 28. Ke3 Rxd5 29. Rxd5 Rxd5 30. Kxe4 Rd7 31. Kf5 Kg7
32. Rg3+ Kf8 33. Kxf6 Rd6+ 34. Ke5 Rh6 35. h3 Ke7 36. Rb3 Rb6 37. Rxb6 axb6
38. a4 f6+ 39. Kd5 Kd7 40. h4 h5 41. f5 Ke7 42. Ke4 Kd6 43. Kd4 b5 44. axb5
b6 45. Kd3 Kd5 46. Ke3 Ke5 47. Kd3 Kxf5 48. Kd4 Ke6 49. Ke4 f5+ 50. Kd4 0-1

[Event "World Blitz 2023"]
[Site "Samarkand UZB"]
[Date "2023.12.29"]
[EventDate "2023.12.29"]
[Round "9.73"]
[Result "1-0"]
[White "Vugar Asadli"]
[Black "Shahruh Turayev"]
[WhiteElo "2584"]
[BlackElo "2168"]
[PlyCount "98"]

1. e4 e6 2. d4 d5 3. Nd2 c5 4. Ngf3 cxd4 5. Nxd4 Nc6 6. Bb5 Bd7 7. Nxc6
bxc6 8. Bd3 Bd6 9. Qe2 Ne7 10. Nf3 Ng6 11. e5 Bc7 12. O-O O-O 13. c4 c5 14.
Rd1 d4 15. Bg5 Qe8 16. h4 h6 17. Bd2 Qe7 18. Qe4 Rfd8 19. h5 Nf8 20. g4 f5
21. exf6 Qxf6 22. g5 Qf5 23. Qxf5 exf5 24. gxh6 gxh6 25. Bxh6 Rab8 26. b3
Ne6 27. Re1 Nf4 28. Bxf4 Bxf4 29. Ne5 Be8 30. Ng6 Bxg6 31. hxg6 Rf8 32. Kg2
Bg5 33. Re5 Rb6 34. Rxf5 Rxf5 35. Bxf5 Bf6 36. Re1 Kg7 37. Kf3 Ra6 38. Re2
Rb6 39. Kg4 Rb8 40. Re6 Rd8 41. Ra6 d3 42. Rxa7+ Kh8 43. Rh7+ Kg8 44. Be6+
Kf8 45. Rf7+ Ke8 46. Kf5 Bc3 47. g7 Bxg7 48. Rxg7 d2 49. Kf6 1-0

[Event "World Blitz 2023"]
[Site "Samarkand UZB"]
[Date "2023.12.29"]
[EventDate "2023.12.29"]
[Round "9.74"]
[Result "1-0"]
[White "Mohamed Tissir"]
[Black "Harold Wanyama"]
[WhiteElo "2458"]
[BlackElo "2228"]
[PlyCount "72"]

1. e4 c5 2. Nc3 Nc6 3. Bb5 g6 4. Bxc6 dxc6 5. d3 Bg7 6. Be3 b6 7. Nge2 Nf6
8. h3 O-O 9. O-O e5 10. Qd2 Ne8 11. Bh6 f5 12. Bxg7 Nxg7 13. f4 exf4 14.
Nxf4 c4 15. Qe3 cxd3 16. cxd3 Re8 17. Rad1 Ba6 18. Rfe1 g5 19. Nfe2 f4 20.
Qf3 c5 21. Nd5 Bb7 22. Nec3 a6 23. h4 h6 24. hxg5 hxg5 25. Kf2 Bc8 26. Rh1
g4 27. Qe2 Rf8 28. Rdf1 b5 29. Ke1 Qg5 30. e5 Bb7 31. Ne4 Qd8 32. Ndf6+ Kf7
33. Nd6+ Ke6 34. Nxb7 Qc7 35. Qxg4+ Kxe5 36. Qxf4+ 1-0

[Event "World Blitz 2023"]
[Site "Samarkand UZB"]
[Date "2023.12.29"]
[EventDate "2023.12.29"]
[Round "9.75"]
[Result "1-0"]
[White "Khalil Nafri"]
[Black "Miraziz Kuziev"]
[WhiteElo "2151"]
[BlackElo "2196"]
[PlyCount "50"]

1. e4 e5 2. Nf3 Nc6 3. d4 exd4 4. Nxd4 Qf6 5. Be3 Bc5 6. Nb5 Bxe3 7. fxe3
Qh4+ 8. g3 Qxe4 9. Nxc7+ Kd8 10. Nxa8 Qxh1 11. Qd6 Nge7 12. Nd2 Qd5 13.
Qc7+ Ke8 14. Qxc8+ Nxc8 15. Nc7+ Kd8 16. Nxd5 Nd6 17. O-O-O Re8 18. Nc4 Ne4
19. Bg2 Nc5 20. Nd6 Re6 21. Nxf7+ Kc8 22. Bh3 Rg6 23. b4 Ne4 24. Bf5 Nf2
25. Rd2 1-0

[Event "World Blitz 2023"]
[Site "Samarkand UZB"]
[Date "2023.12.29"]
[EventDate "2023.12.29"]
[Round "9.76"]
[Result "0-1"]
[White "Danis Kuandykuly"]
[Black "Sergey Sklokin"]
[WhiteElo "1718"]
[BlackElo "1995"]
[PlyCount "78"]

1. e4 c6 2. d4 d5 3. Nc3 dxe4 4. Nxe4 Nf6 5. Nxf6+ exf6 6. c3 Bd6 7. Bd3 h5
8. Qc2 Na6 9. Ne2 Nc7 10. O-O O-O 11. c4 Ne6 12. Be3 b6 13. d5 cxd5 14.
cxd5 Nc5 15. Bc4 Re8 16. b4 Ne4 17. a3 Bd7 18. Ba6 Qe7 19. Rad1 f5 20. Rfe1
Qf6 21. Bf4 Bxf4 22. Nxf4 Qd6 23. Ne2 Rab8 24. a4 Qxb4 25. Qc7 Bxa4 26. Rb1
Qd6 27. Qxa7 Ra8 28. Qxb6 Rxa6 29. Qd4 Qc5 30. Qxc5 Nxc5 31. Ng3 Rxe1+ 32.
Rxe1 g6 33. f3 Rd6 34. Rc1 Rxd5 35. Ne2 Nd3 36. Rc8+ Kg7 37. Nc3 Rc5 38.
Ra8 Rxc3 39. Rxa4 Rc1# 0-1

[Event "World Blitz 2023"]
[Site "Samarkand UZB"]
[Date "2023.12.29"]
[EventDate "2023.12.29"]
[Round "9.77"]
[Result "1-0"]
[White "Abdumajid Botiraliev"]
[Black "Timur Yonal"]
[WhiteElo "1515"]
[BlackElo "1862"]
[PlyCount "88"]

1. e4 c5 2. Nf3 d6 3. d4 cxd4 4. Nxd4 Nf6 5. f3 a6 6. c4 e5 7. Nb3 Be7 8.
Nc3 Be6 9. Be3 Nbd7 10. Nd5 O-O 11. Be2 Rc8 12. O-O Re8 13. Qd2 Bf8 14.
Rfc1 h6 15. Na5 Bxd5 16. cxd5 Rxc1+ 17. Rxc1 Qb8 18. Qb4 b6 19. Nc6 Qb7 20.
Qa4 Nc5 21. Qc2 a5 22. b3 Nfd7 23. a3 Ra8 24. b4 axb4 25. axb4 Na6 26. Qb2
Nc7 27. Ra1 Nb8 28. b5 Nd7 29. Ra3 g6 30. Qa2 Rxa3 31. Qxa3 Kg7 32. Kf2 f6
33. Nb4 Nc5 34. Bf1 Qc8 35. Nc6 Qb7 36. Nd8 Qc8 37. Nc6 Qb7 38. Bc4 h5 39.
Ke2 Qc8 40. Qa7 Qb7 41. Qxb7 Nxb7 42. Bxb6 Na8 43. Be3 Nc5 44. Nd8 1-0

[Event "World Blitz 2023"]
[Site "Samarkand UZB"]
[Date "2023.12.29"]
[EventDate "2023.12.29"]
[Round "9.78"]
[Result "0-1"]
[White "Nikolay Tregubenko"]
[Black "Mustafokhuja Khusenkhojaev"]
[WhiteElo "1955"]
[BlackElo "2082"]
[PlyCount "88"]

1. e4 e5 2. Nf3 Nc6 3. d4 exd4 4. Nxd4 Nf6 5. Nc3 Bb4 6. Nxc6 bxc6 7. Bd3
d5 8. exd5 O-O 9. O-O cxd5 10. Bg5 c6 11. Qf3 Rb8 12. h3 Bd6 13. Rab1 h6
14. Bf4 Rb4 15. Bxd6 Qxd6 16. Ne2 c5 17. b3 Bb7 18. Qg3 Rd8 19. Qxd6 Rxd6
20. Ng3 g6 21. Rfe1 Rd7 22. c4 d4 23. Re5 Rc7 24. Rbe1 Kf8 25. f4 a5 26.
Ne2 Nd7 27. Nc1 Nxe5 28. Rxe5 Re7 29. Rxe7 Kxe7 30. Kf2 a4 31. Bc2 axb3 32.
axb3 Rb6 33. Ne2 Ra6 34. Ke1 Bxg2 35. h4 Ra2 36. Bd3 f5 37. b4 Be4 38. Bxe4
fxe4 39. bxc5 Rxe2+ 40. Kxe2 h5 41. Kd2 Kd7 42. Kc2 Kc6 43. Kb2 Kxc5 44.
Kb3 e3 0-1

[Event "World Blitz 2023"]
[Site "Samarkand UZB"]
[Date "2023.12.29"]
[EventDate "2023.12.29"]
[Round "9.79"]
[Result "1-0"]
[White "O`Gorman, Tom"]
[Black "David Bogdan"]
[WhiteElo "2288"]
[BlackElo "1880"]
[PlyCount "58"]

1. e4 c5 2. Nf3 Nc6 3. Nc3 e6 4. g3 a6 5. Bg2 d6 6. O-O Nf6 7. d4 cxd4 8.
Nxd4 Be7 9. Nxc6 bxc6 10. e5 Nd5 11. exd6 Qxd6 12. Ne4 Qc7 13. c4 Nf6 14.
Qf3 Bd7 15. Rd1 Rc8 16. b3 Nxe4 17. Qxe4 Bf6 18. Bf4 Qa7 19. Be5 Bxe5 20.
Qxe5 O-O 21. c5 Rfd8 22. Rd6 Be8 23. Rad1 Qe7 24. h4 Bd7 25. Qd4 Rc7 26.
Bxc6 e5 27. Qd2 Rxc6 28. Rxc6 f6 29. Rd6 1-0

[Event "World Blitz 2023"]
[Site "Samarkand UZB"]
[Date "2023.12.29"]
[EventDate "2023.12.29"]
[Round "10.3"]
[Result "1-0"]
[White "Ian Nepomniachtchi"]
[Black "Richard Rapport"]
[WhiteElo "2795"]
[BlackElo "2748"]
[PlyCount "142"]

1. e4 c6 2. d4 d5 3. Nc3 dxe4 4. Nxe4 Nf6 5. Nxf6+ exf6 6. Be3 Bd6 7. Bd3
O-O 8. Ne2 Bf5 9. Bxf5 Qa5+ 10. c3 Qxf5 11. Ng3 Qd5 12. Qb3 Qxb3 13. axb3
Nd7 14. Nf5 Bc7 15. d5 Ne5 16. dxc6 Nxc6 17. O-O-O Rfd8 18. Kc2 a6 19. b4
g6 20. Nd4 Ne5 21. h3 Nc4 22. Rhe1 Bb6 23. Kb3 Nxe3 24. Rxe3 Bxd4 25. Rxd4
Rxd4 26. cxd4 Kf8 27. Rc3 Rd8 28. Kc4 Ke7 29. Kc5 Rd6 30. d5 Kd7 31. b5
axb5 32. Rb3 b6+ 33. Kd4 Kc7 34. Rxb5 Rd8 35. Rb3 Re8 36. Rc3+ Kb7 37. Rc6
f5 38. Rf6 Re4+ 39. Kd3 Re7 40. f3 h5 41. h4 Ka6 42. Kc4 Rc7+ 43. Kd4 Kb5
44. Rd6 Re7 45. Rd8 Re2 46. Rc8 f6 47. Kc3 Re5 48. Rf8 g5 49. d6 Rd5 50.
Rxf6 gxh4 51. d7 Rxd7 52. Rxf5+ Ka4 53. Rxh5 Rc7+ 54. Kd3 b5 55. Rxh4+ Kb3
56. Rh5 b4 57. Rb5 Rd7+ 58. Ke4 Rd2 59. g4 Kc4 60. Rb8 Re2+ 61. Kf5 Rxb2
62. g5 b3 63. f4 Rb1 64. g6 Rg1 65. Kf6 Kc3 66. f5 Rg4 67. g7 b2 68. Rxb2
Kxb2 69. Kf7 Kc3 70. g8=Q Rxg8 71. Kxg8 1-0

[Event "World Blitz 2023"]
[Site "Samarkand UZB"]
[Date "2023.12.29"]
[EventDate "2023.12.29"]
[Round "10.4"]
[Result "1/2-1/2"]
[White "Sanan Sjugirov"]
[Black "Vachier-Lagrave, Maxime"]
[WhiteElo "2569"]
[BlackElo "2748"]
[PlyCount "48"]

1. e4 c5 2. Nf3 d6 3. d4 cxd4 4. Nxd4 Nf6 5. Nc3 a6 6. Be3 Ng4 7. Bc1 Nf6
8. f3 e6 9. Be3 b5 10. Qd2 Nbd7 11. a3 h5 12. Be2 Bb7 13. O-O Be7 14. Rad1
O-O 15. Rfe1 Rc8 16. Bf1 Ne5 17. Qf2 Qc7 18. h3 Nc4 19. Bxc4 Qxc4 20. Nb3
Qc7 21. Bb6 Qb8 22. Ba7 Qc7 23. Bb6 Qb8 24. Ba7 Qc7 1/2-1/2

[Event "World Blitz 2023"]
[Site "Samarkand UZB"]
[Date "2023.12.29"]
[EventDate "2023.12.29"]
[Round "10.5"]
[Result "1/2-1/2"]
[White "Anish Giri"]
[Black "R Praggnanandhaa"]
[WhiteElo "2731"]
[BlackElo "2665"]
[PlyCount "92"]

1. Nf3 Nf6 2. d4 e6 3. Bf4 b6 4. e3 Bb7 5. h3 Be7 6. Nbd2 O-O 7. Bd3 c5 8.
c3 cxd4 9. exd4 d6 10. O-O Nbd7 11. Re1 Re8 12. a4 a6 13. Bg3 Nf8 14. Ng5
Ng6 15. Nge4 Nxe4 16. Nxe4 Bxe4 17. Bxe4 d5 18. Bd3 Bd6 19. Bxd6 Qxd6 20.
g3 Ne7 21. Qe2 a5 22. h4 g6 23. h5 Kg7 24. Kg2 Ng8 25. Qe3 Nf6 26. h6+ Kg8
27. Bb5 Red8 28. f3 Kf8 29. g4 Ng8 30. Re2 Ra7 31. Rae1 Re7 32. Qd2 Rc8 33.
Qe3 Rcc7 34. g5 Rc8 35. f4 Rec7 36. Qf2 Ne7 37. Re5 Rb8 38. Kh3 Nf5 39. Bd3
Ne7 40. Qf1 Rbc8 41. Bb5 Rb8 42. R1e2 Rbc8 43. Re1 Nf5 44. Bd3 Ne7 45. Bb5
Nf5 46. Bd3 Ne7 1/2-1/2

[Event "World Blitz 2023"]
[Site "Samarkand UZB"]
[Date "2023.12.29"]
[EventDate "2023.12.29"]
[Round "10.7"]
[Result "1/2-1/2"]
[White "Denis Makhnev"]
[Black "Alexey Sarana"]
[WhiteElo "2528"]
[BlackElo "2707"]
[PlyCount "142"]

1. d4 Nf6 2. c4 e6 3. Nc3 d5 4. cxd5 exd5 5. Bg5 c6 6. e3 Be7 7. Bd3 Nbd7
8. h3 Nf8 9. Qc2 Ne6 10. Bh4 g6 11. Nf3 Ng7 12. Bxf6 Bxf6 13. b4 a6 14. a4
O-O 15. O-O Bf5 16. b5 axb5 17. axb5 Bxd3 18. Qxd3 Ne6 19. bxc6 bxc6 20.
Rxa8 Qxa8 21. Rc1 Rb8 22. Qc2 Qa3 23. Nb1 Qd6 24. Nbd2 Rb6 25. Ne1 Kg7 26.
Nd3 h5 27. Nf3 Ra6 28. h4 Rb6 29. g3 Ra6 30. Kg2 Rb6 31. Nc5 Nd8 32. Ne1
Ne6 33. Ned3 Nc7 34. Nf4 Be7 35. Rb1 Rxb1 36. Qxb1 Nb5 37. Qc2 Qb8 38. Ncd3
Qd6 39. Qb2 Bf6 40. Ne5 Bxe5 41. dxe5 Qa3 42. Qc2 Qc3 43. Qxc3 Nxc3 44. Nd3
Kf8 45. Nc5 Ne4 46. Na6 Ke7 47. f3 Nd2 48. Kf2 Nb3 49. Nb4 Kd7 50. Ke2 Nc5
51. Kd2 Ne6 52. Kd3 Ng7 53. g4 Ne6 54. Kc3 Kc7 55. Nd3 c5 56. gxh5 gxh5 57.
f4 Kc6 58. f5 Ng7 59. f6 Nf5 60. e6 d4+ 61. Kb2 Nd6 62. Ne5+ Kd5 63. exf7
Nxf7 64. Nxf7 dxe3 65. Kc2 Ke6 66. Ng5+ Kxf6 67. Kd3 Kf5 68. Kxe3 Kg4 69.
Nf3 c4 70. Ne5+ Kxh4 71. Nxc4 1/2-1/2

[Event "World Blitz 2023"]
[Site "Samarkand UZB"]
[Date "2023.12.29"]
[EventDate "2023.12.29"]
[Round "10.8"]
[Result "1/2-1/2"]
[White "Anton Korobov"]
[Black "Subramaniyam H Bharath"]
[WhiteElo "2649"]
[BlackElo "2435"]
[PlyCount "140"]

1. c4 Nf6 2. Nc3 c5 3. g3 g6 4. Bg2 Bg7 5. e3 O-O 6. Nge2 Nc6 7. O-O d6 8.
a3 Bd7 9. Rb1 Rb8 10. b4 b6 11. d4 cxd4 12. exd4 Rc8 13. Qb3 Bf5 14. Rb2
Qd7 15. Rd1 Bh3 16. Bh1 Bg4 17. Be3 Qf5 18. Rdd2 Bf3 19. Qc2 Bxh1 20. Qxf5
gxf5 21. Kxh1 Ng4 22. Rbc2 Nxe3 23. fxe3 Bh6 24. Nf4 e6 25. Kg2 Rfd8 26.
Kf2 Kf8 27. d5 Ne5 28. dxe6 Nxc4 29. Ncd5 Bg5 30. Rd3 Re8 31. exf7 Kxf7 32.
b5 Bxf4 33. gxf4 Rc5 34. a4 Rec8 35. Nb4 Nxe3 36. Rxc5 Ng4+ 37. Kg3 Rxc5
38. Rxd6 Rc3+ 39. Kh4 Rc4 40. Nd5 Rxa4 41. h3 Nf2 42. Rf6+ Kg7 43. Rxf5 Ra3
44. Re5 h6 45. Re7+ Kg6 46. Re6+ Kg7 47. Re7+ Kg6 48. Re6+ Kf7 49. Re7+ Kf8
50. Kh5 Rd3 51. Rd7 Rxh3+ 52. Kg6 Rg3+ 53. Kf5 h5 54. Nf6 h4 55. Nh7+ Ke8
56. Nf6+ Kf8 57. Rxa7 h3 58. Rh7 Nd3 59. Rh8+ Ke7 60. Nd5+ Kd6 61. Nxb6 Kc5
62. Nd7+ Kxb5 63. Ne5 Nf2 64. Ke6 Rg2 65. Nf3 Rg6+ 66. Kf5 Rg3 67. Ng5 Kc6
68. Ne4 Nxe4 69. Kxe4 Kd6 70. f5 1/2-1/2

[Event "World Blitz 2023"]
[Site "Samarkand UZB"]
[Date "2023.12.29"]
[EventDate "2023.12.29"]
[Round "10.9"]
[Result "0-1"]
[White "Chithambaram Vr Aravindh"]
[Black "Rauf Mamedov"]
[WhiteElo "2584"]
[BlackElo "2635"]
[PlyCount "58"]

1. d4 d5 2. Nf3 c5 3. c4 e6 4. e3 Nc6 5. Nc3 Nf6 6. a3 a6 7. dxc5 Bxc5 8.
b4 Ba7 9. Bb2 O-O 10. Be2 dxc4 11. Qxd8 Rxd8 12. Bxc4 Bd7 13. Be2 Rac8 14.
Rc1 Bb8 15. Na4 Ba7 16. Nc5 Bxc5 17. Rxc5 Ne7 18. Rxc8 Rxc8 19. Bd3 Bb5 20.
Bxb5 axb5 21. Nd4 e5 22. Nb3 Ng6 23. O-O Rc2 24. Ba1 Ra2 25. Na5 Ne4 26.
Nxb7 Nxf2 27. Nc5 Ng4 28. Rd1 h5 29. Re1 Nh4 0-1

[Event "World Blitz 2023"]
[Site "Samarkand UZB"]
[Date "2023.12.29"]
[EventDate "2023.12.29"]
[Round "10.10"]
[Result "1/2-1/2"]
[White "Yangyi Yu"]
[Black "Javokhir Sindarov"]
[WhiteElo "2762"]
[BlackElo "2607"]
[PlyCount "50"]

1. e4 e5 2. Nf3 Nc6 3. Nc3 Nf6 4. Bb5 Nd4 5. O-O Nxf3+ 6. Qxf3 Bc5 7. Qg3
Qe7 8. d3 c6 9. Bc4 d6 10. a3 a5 11. Ba2 O-O 12. Bg5 Kh8 13. Kh1 h6 14. Qh4
Kg8 15. Bxf6 Qxf6 16. Qxf6 gxf6 17. f4 Be6 18. Ne2 Kh7 19. Ng3 exf4 20.
Rxf4 Bd4 21. c3 Be5 22. Rf3 Bxg3 23. hxg3 Kg7 24. Kg1 a4 25. Kf2 Ra5
1/2-1/2